000
00241nam a2200109Ia 4500
008
190216s9999||||xx |||||||||||||| ||und||
100
_a
Alfred Hitchcock
245
0
_a
Skelten Crew
260
_b
A Dell Book
650
_a
English
942
_c
BK
999
_c
12819
_d
12819